00653nam a2200277Ia 4500008004100000020001800041050000800059050001400067100002000081245002800101245002300129250001800152260001300170260001400183260000900197300001600206300002600222300001000248650001500258650002400273650002200297650001300319650001300332700001100345999001900356170711s9999 xx 000 0 und d a9780755319688 a796 bR316 2011 aRedgrave, Steve aGreat olympic moments / cby Steve Redgrave. aFirst edition aLondon : bHeadline, c2011 a188 pages : bcolor illustrations ; c25cm. aOlympic -- aOlympic athletes -- aOlympic athletes. xHistory. xHistory. aTitle. c339561d339561